Netflix Original Serien 2 nach Bildern - Statistiken

Allgemein
  • Dieses Quiz wurde 754 mal gespielt
    665 seit der letzten Aktualisierung
  • Das Durchschnittsergebnis liegt bei 6 aus 16
Antwortstatistiken
Bildquiz Antwort % Korrekt
Stranger Things
91%
One Piece
70%
Tote Mädchen lügen nicht
64%
How to Sell Drugs Online (Fast)
62%
Das Damengambit
60%
Shadowhunters: The Mortal Instruments
49%
Arcane
43%
Queen Charlotte
32%
Sandman
23%
Der Denver Clan
18%
The Order
15%
Titans
14%
Warrior Nun
12%
Biohackers
11%
Lockwood & Co
11%
Physical: 100
11%
Keine übereinstimmenden Quizze gefunden
Verteilung der Resultate
Anzahl Personen mit jedem Resultat
Perzentil nach korrekt beantworteten Fragen
Ihre Resultats-Entwicklung
Sie haben dieses Quiz seit der letzten Aktualisierung nicht gespielt